[Event "Harrogate 4NCL op-C 29th"]
[Site "Harrogate"]
[Date "2023.01.21"]
[Round "2"]
[White "Usher, Frank"]
[Black "Halpin, David"]
[Result "1-0"]
[WhiteElo "1550"]
[BlackElo "1198"]
[PlyCount "58"]
[EventDate "2023.01.20"]
[EventType "swiss"]
[EventRounds "5"]
[EventCountry "ENG"]
[SourceTitle "CBM 212 Extra"]
[Source "ChessBase"]
[SourceDate "2023.03.31"]
[SourceVersion "1"]
[SourceVersionDate "2023.03.31"]
[SourceQuality "1"]

1. e4 e5 2. Bc4 Nf6 3. d3 Nc6 4. Nf3 h6 5. c3 Bc5 6. Bb3 0-0 7. 0-0 Re8 8. Be3 Qe7 9. Bxc5 Qxc5 10. Nbd2 b6 11. Rc1 Ba6 12. d4 exd4 13. cxd4 Qe7 14. Re1 Rac8 15. e5 Nh5 16. g3 Nb4 17. Nh4 g6 18. Nxg6 Qg5 19. Re4 Nf6 20. Nh4 Nxe4 21. Nxe4 Qg7 22. Nf6+ Kf8 23. Nxd7+ Kg8 24. Nf6+ Kh8 25. Nxe8 Rxe8 26. Rxc7 Rf8 27. e6 Rd8 28. exf7 Rxd4 29. Qxd4 Qxd4 1-0

[Event "Berks & Bucks Challengers op"]
[Site "Maidenhead"]
[Date "2022.08.28"]
[Round "4"]
[White "Usher, Frank"]
[Black "O'Sullivan, Tim"]
[Result "0-1"]
[WhiteElo "1540"]
[BlackElo "1660"]
[PlyCount "98"]
[EventDate "2022.08.27"]
[EventType "swiss"]
[EventRounds "6"]
[EventCountry "ENG"]
[SourceTitle "EXT 2023"]
[Source "ChessBase"]
[SourceDate "2022.10.05"]
[SourceVersion "1"]
[SourceVersionDate "2022.10.05"]
[SourceQuality "1"]

1. e4 e5 2. Nf3 Nc6 3. Bc4 Be7 4. 0-0 Nf6 5. Re1 0-0 6. d3 d6 7. h3 Na5 8. Nbd2 Nxc4 9. Nxc4 Be6 10. Ne3 Qd7 11. Ng5 c6 12. Nxe6 fxe6 13. Nc4 Rf7 14. d4 exd4 15. Nxd6 Bxd6 16. e5 Be7 17. exf6 Bxf6 18. Qg4 e5 19. Qxd7 Rxd7 20. Re4 Rad8 21. Kf1 d3 22. cxd3 Rxd3 23. Be3 b6 24. Ke2 Kf7 25. b4 Rc3 26. Rc1 Rxc1 27. Bxc1 Rd4 28. Ke3 Ke6 29. Bb2 Rxe4+ 30. Kxe4 g6 31. a4 a6 32. b5 cxb5 33. axb5 a5 34. f4 exf4 35. Bxf6 Kxf6 36. Kd5 g5 37. Kc6 a4 38. Kxb6 a3 39. Kc7 a2 40. b6 a1Q 41. b7 Qc3+ 42. Kd8 Qa5+ 43. Kc8 Qc5+ 44. Kd8 Qb6+ 45. Kc8 Qc6+ 46. Kb8 Ke7 47. Ka7 Qc7 48. Ka8 Qa5+ 49. Kb8 Kd7 0-1

[Event "Berks & Bucks Challengers op"]
[Site "Maidenhead"]
[Date "2022.08.28"]
[Round "3"]
[White "Veselow, Zoe"]
[Black "Usher, Frank"]
[Result "1-0"]
[WhiteElo "1501"]
[BlackElo "1540"]
[PlyCount "43"]
[EventDate "2022.08.27"]
[EventType "swiss"]
[EventRounds "6"]
[EventCountry "ENG"]
[SourceTitle "EXT 2023"]
[Source "ChessBase"]
[SourceDate "2022.10.05"]
[SourceVersion "1"]
[SourceVersionDate "2022.10.05"]
[SourceQuality "1"]

1. e4 e6 2. d4 d5 3. exd5 exd5 4. Bd3 Nf6 5. h3 Be6 6. Qf3 c5 7. Ne2 c4 8. Bf5 Bxf5 9. Qxf5 Qd7 10. Qf3 Be7 11. Nbc3 Nc6 12. Bg5 0-0 13. 0-0 h6 14. Bxf6 Bxf6 15. Nxd5 Bxd4 16. Rad1 Be5 17. Nf6+ Bxf6 18. Rxd7 Ne5 19. Qxb7 Nxd7 20. Qxd7 Rfd8 21. Qb5 Bxb2 22. Qxb2 1-0